Estudios Latinoamericanos sobre cultura y transformaciones sociales en tiempos de globalización /
Αποθηκεύτηκε σε:
| Κύριος συγγραφέας: | |
|---|---|
| Συγγραφή απο Οργανισμό/Αρχή: | |
| Άλλοι συγγραφείς: | |
| Μορφή: | Κείμενο |
| Έκδοση: |
Buenos Aires:
CLACSO
|
| Ετικέτες: |
Προσθήκη ετικέτας
Δεν υπάρχουν, Καταχωρήστε ετικέτα πρώτοι!
|
MARC
| LEADER | 00000 a a2200000 04500 | ||
|---|---|---|---|
| 001 | 26403 | ||
| 003 | |||
| 040 | |a CRAI/IIS |c CRAI/IIS | ||
| 020 | |a 950-9231-62-2 | ||
| 090 | |a 148407 | ||
| 100 | |a Mato, Daniel | ||
| 110 | |a CLACSO | ||
| 245 | |a Estudios Latinoamericanos sobre cultura y transformaciones sociales en tiempos de globalización / |c Daniel Mato | ||
| 260 | |a Buenos Aires: |b CLACSO | ||
| 300 | |a 221 p | ||
| 500 | |a Disponible en Cd. en No. 194106 | ||
| 700 | |a comp | ||
| 999 | |c 5272 |d 5272 | ||



